[Event "Penang op 6th"]
[Site "Penang"]
[Date "2014.12.11"]
[Round "6"]
[White "Fong, Yit Ho"]
[Black "Bagamasbad, Efren"]
[Result "1-0"]
[WhiteElo "1964"]
[BlackElo "2202"]
[PlyCount "117"]
[EventDate "2014.12.08"]
[EventType "swiss"]
[EventRounds "9"]
[EventCountry "MAS"]
[SourceTitle "CBM 163 Extra"]
[Source "ChessBase"]
[SourceDate "2014.12.23"]
[SourceVersion "1"]
[SourceVersionDate "2014.12.23"]
[SourceQuality "1"]

1. e4 g6 2. d4 Bg7 3. Be3 c5 4. c3 Nf6 5. Bd3 d5 6. Bb5+ Nc6 7. e5 Ng4 8. Bc1 Qb6 9. Be2 h5 10. h3 Nh6 11. dxc5 Qxc5 12. Be3 Qa5 13. g4 Bxe5 14. gxh5 Bf5 15. b4 Qd8 16. Nf3 Bg7 17. Nd4 Be4 18. Rg1 e5 19. Nxc6 bxc6 20. Nd2 Bf5 21. Qa4 Rc8 22. Qxa7 Bf6 23. Bb6 Qd7 24. Qxd7+ Kxd7 25. hxg6 Bxg6 26. a4 Rb8 27. Ba7 Ra8 28. Bc5 Bf5 29. Bg4 Nxg4 30. hxg4 Bc2 31. a5 e4 32. Rc1 Ba4 33. Nf1 Bb5 34. Kd2 Rh3 35. Rg3 Rh1 36. Ne3 Rh2 37. Rg2 Rh3 38. g5 Be5 39. Bd4 Bf4 40. Rg4 Rf3 41. Rg2 Rg8 42. Rcg1 Ba6 43. Ke1 Rg6 44. Rg4 Ke6 45. R4g2 Bc8 46. Bc5 Kd7 47. Bb6 Kd6 48. Rh1 Rh3 49. Rxh3 Bxh3 50. Rg1 Bc8 51. Bc5+ Ke6 52. Rh1 Rxg5 53. Rh8 Rg1+ 54. Kd2 Ba6 55. Ra8 Bb5 56. a6 Ra1 57. a7 Ra2+ 58. Kc1 Rxa7 59. Rxa7 1-0

[Event "Penang op 6th"]
[Site "Penang"]
[Date "2014.12.10"]
[Round "5"]
[White "Fong, Yit Ho"]
[Black "Siregar, Novian"]
[Result "1/2-1/2"]
[WhiteElo "1964"]
[BlackElo "2292"]
[PlyCount "119"]
[EventDate "2014.12.08"]
[EventType "swiss"]
[EventRounds "9"]
[EventCountry "MAS"]
[SourceTitle "CBM 163 Extra"]
[Source "ChessBase"]
[SourceDate "2014.12.23"]
[SourceVersion "1"]
[SourceVersionDate "2014.12.23"]
[SourceQuality "1"]

1. e4 c5 2. c3 d5 3. exd5 Qxd5 4. d4 cxd4 5. cxd4 Nc6 6. Be3 e5 7. Nc3 Bb4 8. dxe5 Bxc3+ 9. bxc3 Qxe5 10. Rc1 Be6 11. Nf3 Qa5 12. a4 Nge7 13. Bb5 0-0 14. 0-0 a6 15. Bd3 Bf5 16. Bxf5 Nxf5 17. Bf4 Rac8 18. Qb3 b5 19. axb5 axb5 20. Ra1 Qb6 21. Rfb1 Nce7 22. Be5 Rc5 23. Bd4 Nxd4 24. cxd4 Rf5 25. Qd3 g6 26. Rb2 Nc8 27. Ne5 Rd8 28. Rxb5 Qxd4 29. Qxd4 Rxd4 30. g4 Rxg4+ 31. Nxg4 Rxb5 32. Nf6+ Kg7 33. Ne8+ Kf8 34. Nf6 Nb6 35. Ra6 Nd5 36. Nxd5 Rxd5 37. Kg2 Kg7 38. Ra7 Rd3 39. Rb7 g5 40. h3 Kg6 41. Ra7 f6 42. Ra6 h5 43. Ra5 Rd4 44. Ra8 g4 45. Rg8+ Kh7 46. Ra8 gxh3+ 47. Kxh3 Rg4 48. Ra1 Kg7 49. Ra8 Rb4 50. Rc8 h4 51. Ra8 Rf4 52. Rb8 Rxf2 53. Rb4 Kg6 54. Kxh4 Kf5 55. Kg3 Rd2 56. Rb5+ Kg6 57. Kg4 Rd4+ 58. Kf3 Ra4 59. Rc5 f5 60. Rc8 1/2-1/2

[Event "Penang op-A 5th"]
[Site "Penang"]
[Date "2013.12.13"]
[Round "8"]
[White "Kong Jian Yuan, Stephen"]
[Black "Fong, Yit Ho"]
[Result "0-1"]
[WhiteElo "1726"]
[BlackElo "1962"]
[PlyCount "40"]
[EventDate "2013.12.09"]
[EventType "swiss"]
[EventRounds "9"]
[EventCountry "MAS"]
[SourceTitle "CBM 157 Extra"]
[Source "ChessBase"]
[SourceDate "2013.12.19"]
[SourceVersion "1"]
[SourceVersionDate "2013.12.19"]
[SourceQuality "1"]

1. c4 c5 2. Nc3 Nc6 3. e4 g6 4. g3 Bg7 5. Bg2 d6 6. Nge2 Bd7 7. 0-0 h5 8. h4 g5 9. hxg5 h4 10. gxh4 Rxh4 11. d3 Qc8 12. Bf4 Bh3 13. Bg3 Bxg2 14. Bxh4 Qh3 15. Ng3 Bxf1 16. Qxf1 Qxh4 17. Nd5 Rc8 18. Rb1 e6 19. Ne3 Bd4 20. Ng2 Qxg3 0-1

[Event "Penang op-A 5th"]
[Site "Penang"]
[Date "2013.12.12"]
[Round "6"]
[White "Lim, De Dao Linson"]
[Black "Fong, Yit Ho"]
[Result "1-0"]
[WhiteElo "1815"]
[BlackElo "1962"]
[PlyCount "101"]
[EventDate "2013.12.09"]
[EventType "swiss"]
[EventRounds "9"]
[EventCountry "MAS"]
[SourceTitle "CBM 157 Extra"]
[Source "ChessBase"]
[SourceDate "2013.12.19"]
[SourceVersion "1"]
[SourceVersionDate "2013.12.19"]
[SourceQuality "1"]

1. e4 e5 2. Nf3 Nc6 3. Bc4 Bc5 4. b4 Bxb4 5. c3 Bd6 6. d4 Nf6 7. 0-0 0-0 8. Re1 b6 9. Bg5 Re8 10. Bd5 h6 11. Bh4 Be7 12. Bxc6 dxc6 13. Nxe5 Bb7 14. Qb3 Rf8 15. Ng6 Re8 16. Nd2 Bc8 17. Nf3 Be6 18. Nxe7+ Qxe7 19. Qa4 Qd7 20. Ne5 Qd6 21. Qxc6 Bd7 22. Qxd6 cxd6 23. Nxd7 Nxd7 24. c4 Rac8 25. Rac1 b5 26. Bg3 bxc4 27. Bxd6 c3 28. f3 Rc6 29. Bc5 Ra6 30. Rxc3 Nxc5 31. Rxc5 Rxa2 32. Rec1 Kh7 33. R1c2 Ra1+ 34. Rc1 Ra2 35. R5c2 Ra4 36. d5 Rd4 37. Ra1 f5 38. exf5 Rxd5 39. Rxa7 Rxf5 40. Rcc7 Rg5 41. Kf2 Rb8 42. Ra2 Rb6 43. g4 Rf6 44. Kg3 Rb5 45. Raa7 Rg6 46. h4 Rb3 47. Rf7 Rc3 48. Rae7 Rb3 49. h5 Rg5 50. Rf8 Rb6 51. Ree8 1-0

[Event "Penang op-A 5th"]
[Site "Penang"]
[Date "2013.12.10"]
[Round "2"]
[White "Sonjaya, Deni"]
[Black "Fong, Yit Ho"]
[Result "1-0"]
[WhiteElo "2292"]
[BlackElo "1962"]
[PlyCount "73"]
[EventDate "2013.12.09"]
[EventType "swiss"]
[EventRounds "9"]
[EventCountry "MAS"]
[SourceTitle "CBM 157 Extra"]
[Source "ChessBase"]
[SourceDate "2013.12.19"]
[SourceVersion "1"]
[SourceVersionDate "2013.12.19"]
[SourceQuality "1"]

1. e4 e5 2. Bc4 Nf6 3. d3 Bc5 4. Nc3 d6 5. h3 Be6 6. Nge2 c6 7. Bb3 Bb6 8. Ng3 Nbd7 9. Qf3 Nc5 10. Bg5 h6 11. Bxf6 Qxf6 12. Qxf6 gxf6 13. Nh5 Ke7 14. g4 Ba5 15. Ke2 Rad8 16. Nd1 Bb6 17. Ne3 d5 18. exd5 cxd5 19. f4 a5 20. f5 a4 21. fxe6 axb3 22. Nf5+ Kxe6 23. axb3 d4 24. Rhc1 Nd7 25. b4 Kd5 26. c4+ dxc3 27. bxc3 Ra8 28. c4+ Kc6 29. Rxa8 Rxa8 30. Nxh6 Ra2+ 31. Kf3 Rd2 32. Ke4 Re2+ 33. Kf5 Re3 34. Nxf7 Rxd3 35. Nxf6 Rxh3 36. Nxd7 Kxd7 37. Nxe5+ 1-0

[Event "Melaka-chA"]
[Site "Melaka"]
[Date "2012.04.28"]
[Round "7"]
[White "Manaog, Stewart"]
[Black "Fong, Yit Ho"]
[Result "1/2-1/2"]
[WhiteElo "2043"]
[BlackElo "2001"]
[PlyCount "125"]
[EventDate "2012.04.23"]
[EventType "swiss"]
[EventRounds "9"]
[EventCountry "MAS"]
[SourceTitle "CBM 148 Extra"]
[Source "ChessBase"]
[SourceDate "2012.06.22"]
[SourceVersion "1"]
[SourceVersionDate "2012.06.22"]
[SourceQuality "1"]

1. Nf3 Nf6 2. g3 b6 3. Bg2 Bb7 4. 0-0 e6 5. b3 Be7 6. Bb2 0-0 7. c4 d5 8. d4 Nbd7 9. Nc3 Ne4 10. Qc2 f5 11. Rad1 c6 12. Ne5 Rc8 13. e3 Nxc3 14. Bxc3 Bf6 15. Rfe1 Qc7 16. Nxd7 Qxd7 17. f3 Rf7 18. e4 Rcf8 19. e5 Be7 20. f4 Rc8 21. h3 Bf8 22. Kh2 Qc7 23. Qb2 Rd7 24. c5 bxc5 25. dxc5 Ba6 26. Bf3 Rb8 27. Bd4 Qa5 28. g4 g6 29. Rg1 Kh8 30. gxf5 gxf5 31. Bh5 Qd8 32. Qf2 Rbb7 33. Rg2 Rg7 34. Rdg1 Rxg2+ 35. Rxg2 Rg7 36. Rxg7 Bxg7 37. Qg3 Qa5 38. Qh4 Qc7 39. Be8 Bb7 40. Bf2 Kg8 41. b4 a6 42. a4 Bf8 43. Qf6 Qe7 44. Qxe7 Bxe7 45. Bd7 Kf7 46. b5 axb5 47. axb5 Bd8 48. bxc6 Ba6 49. Kg3 Ba5 50. Kf3 Bf1 51. h4 Bb5 52. h5 h6 53. Ke3 Bc3 54. Bc8 d4+ 55. Kf3 Bxc6+ 56. Ke2 Bb5+ 57. Kd1 d3 58. Be3 Ke7 59. Kc1 Ba4 60. Ba6 d2+ 61. Bxd2 Bd4 62. Bb7 Bxc5 63. Bf3 1/2-1/2

[Event "Melaka-chA"]
[Site "Melaka"]
[Date "2012.04.23"]
[Round "1"]
[White "Laxman, Rajaram"]
[Black "Fong, Yit Ho"]
[Result "1-0"]
[WhiteElo "2415"]
[BlackElo "2001"]
[PlyCount "85"]
[EventDate "2012.04.23"]
[EventType "swiss"]
[EventRounds "9"]
[EventCountry "MAS"]
[SourceTitle "CBM 148 Extra"]
[Source "ChessBase"]
[SourceDate "2012.06.22"]
[SourceVersion "1"]
[SourceVersionDate "2012.06.22"]
[SourceQuality "1"]

1. Nf3 d5 2. d4 e6 3. c4 b6 4. cxd5 exd5 5. Nc3 Nf6 6. Bf4 Bd6 7. Be5 Bb7 8. e3 0-0 9. Be2 Ne4 10. 0-0 Nxc3 11. bxc3 c5 12. Qa4 Qe7 13. Rab1 Nd7 14. Bxd6 Qxd6 15. Nd2 Nf6 16. Bf3 cxd4 17. cxd4 Rfc8 18. Rfc1 a6 19. Qb3 Rxc1+ 20. Rxc1 Rc8 21. Rb1 b5 22. Qd3 Nd7 23. Bg4 Rc6 24. Bxd7 Qxd7 25. Nb3 Bc8 26. Nc5 Qf5 27. Qxf5 Bxf5 28. Rb4 Kf8 29. f3 Rb6 30. a4 a5 31. Rxb5 Rxb5 32. axb5 Ke7 33. Kf2 Bb1 34. Ke2 Ba2 35. Kd2 h5 36. Kc2 Kd6 37. Nb7+ Kc7 38. Nxa5 Kb6 39. Kb2 Kxa5 40. Kxa2 Kxb5 41. Kb3 f5 42. h4 Kc6 43. Ka4 1-0

[Event "Brunei Campomanes Memorial"]
[Site "Bandar Seri Begawan"]
[Date "2012.04.08"]
[Round "1"]
[White "Bitoon, Richard"]
[Black "Fong, Yit Ho"]
[Result "0-1"]
[WhiteElo "2455"]
[BlackElo "2001"]
[PlyCount "136"]
[EventDate "2012.04.08"]
[EventType "swiss"]
[EventRounds "9"]
[EventCountry "BRN"]
[SourceTitle "CBM 147 Extra"]
[Source "ChessBase"]
[SourceDate "2012.04.24"]
[SourceVersion "1"]
[SourceVersionDate "2012.04.24"]
[SourceQuality "1"]

1. d4 e6 2. c4 b6 3. g3 Nf6 4. Bg2 c6 5. e4 d5 6. e5 Nfd7 7. Nc3 Ba6 8. cxd5 cxd5 9. Nge2 Bb4 10. Bd2 Nc6 11. 0-0 0-0 12. Re1 Na5 13. a3 Bxe2 14. Qxe2 Bxc3 15. Bxc3 Rc8 16. Bf1 Nb8 17. Qh5 Nbc6 18. Rad1 Nc4 19. Bd3 g6 20. Qh6 b5 21. h4 a5 22. Bxc4 bxc4 23. h5 Ne7 24. g4 Kh8 25. Kg2 Ng8 26. Qd2 Ra8 27. Rh1 g5 28. h6 f5 29. exf6 Qxf6 30. Rh3 Qf4 31. Qxf4 Rxf4 32. f3 Rf6 33. Rdh1 Rb8 34. Rh5 Rg6 35. Kg3 a4 36. Bb4 Nf6 37. R5h2 Kg8 38. Re2 Kf7 39. Kf2 Ng8 40. Rh5 Nf6 41. Rh2 Ng8 42. Rh5 Nf6 43. Rh1 Ng8 44. Re5 Ne7 45. Bc3 Nc6 46. Re2 Rb7 47. Rh5 Rb8 48. Ke1 Rb7 49. Rf2 e5 50. dxe5 d4 51. Bb4 Nxb4 52. axb4 Rxb4 53. f4 a3 54. bxa3 Rb1+ 55. Ke2 Rb2+ 56. Kf3 Rxf2+ 57. Kxf2 gxf4 58. Kf3 c3 59. Ke4 Rc6 60. Rh1 c2 61. Rc1 f3 62. Kxd4 Ke6 63. Ke3 Kxe5 64. Kxf3 Kd4 65. g5 Kd3 66. Rg1 c1Q 67. Rxc1 Rxc1 68. Kf4 Rc6 0-1

[Event "Brunei Campomanes Memorial"]
[Site "Bandar Seri Begawan"]
[Date "2012.04.08"]
[Round "2"]
[White "Vakhidov, Jahongir"]
[Black "Fong, Yit Ho"]
[Result "1-0"]
[WhiteElo "2396"]
[BlackElo "2001"]
[PlyCount "63"]
[EventDate "2012.04.08"]
[EventType "swiss"]
[EventRounds "9"]
[EventCountry "BRN"]
[SourceTitle "CBM 147 Extra"]
[Source "ChessBase"]
[SourceDate "2012.04.24"]
[SourceVersion "1"]
[SourceVersionDate "2012.04.24"]
[SourceQuality "1"]

1. d4 Nf6 2. c4 e6 3. Nc3 Bb4 4. Nf3 b6 5. Qc2 Bb7 6. Bg5 0-0 7. Nd2 d5 8. cxd5 Bxc3 9. Qxc3 exd5 10. Bxf6 Qxf6 11. Qxc7 Ba6 12. e3 Rc8 13. Qe5 Qxe5 14. dxe5 Bxf1 15. Rxf1 Nd7 16. f4 Rc2 17. Rb1 Rac8 18. Kd1 b5 19. Rf2 Nb6 20. Ne4 Rxf2 21. Nxf2 Kf8 22. b3 Ke7 23. Rc1 Rxc1+ 24. Kxc1 Nd7 25. Kd2 Ke6 26. Kc3 a5 27. Kd4 f6 28. Nd3 fxe5+ 29. fxe5 g5 30. Nc5+ Nxc5 31. Kxc5 b4 32. Kd4 1-0